| 000 | 01839cam a2200325 4500 | ||
|---|---|---|---|
| 001 | 8410 | ||
| 003 | BD-RjUL | ||
| 005 | 20211208234602.0 | ||
| 008 | 140118m19729999ne ac b 001 0 eng | ||
| 020 | _a0720418003 (U.S. : set) | ||
| 035 | _a(BD-RjUL)8455 | ||
| 040 |
_aDLC _cDLC _dDLC _dBD-RjUL _beng |
||
| 041 | 0 | _aengdan | |
| 082 |
_a530 _bBOC 1972 |
||
| 100 | 1 |
_aBohr, Niels, _d1885-1962. _926180 |
|
| 245 | 1 | 0 |
_aCollected works / _cGeneral editor: L. Rosenfeld. |
| 260 |
_aAmsterdam : _bNorth-Holland Pub. Co., _cc1972 |
||
| 300 |
_aVarious Pages. _billus., ports. ; _c27 cm. |
||
| 500 | _aEnglish and Danish. | ||
| 500 | _aGeneral editor: Erik Rüdinger (up til 1989); Finn Aaserud (1989- ). | ||
| 500 | _aVol. 10 has imprint: Amsterdam ; New York : Elsevier. | ||
| 500 | _aVol. 1, <3-5 >: Sole distributors for the U.S.A. and Canada: American Elsevier Pub. Co., New York, N.Y.; v. 6-<8 >: Sole distributors for the U.S.A. and Canada: Elsevier Science Pub. Co., New York, N.Y. | ||
| 504 | _aIncludes bibliographical references and indexes. | ||
| 505 | 1 | _av. 1. Early work (1905-1911), edited by J. Rud Nielsen. --v. 3. The correspondence principle (1918-1923), edited by J. Rud Nielsen.--v. 4. The periodic system (1920-1923).--v. 5. The emergence of quantum mechanics (mainly 1924-1926), edited by Klaus Stolzenburg.--v. 6. Foundations of quantum physics I (1926-1932), edited by Jørgen Kalckar.--v. 7. Foundations of quantum physics II (1933-1958), edited by Jørgen Kalckar.--v. 8. The penetration of charged particles through matter (1912-1954), edited by Jens Thorsen. --v. 10. Complementarity beyond physics (1928-1962), edited by David Favrholdt. | |
| 650 | 0 |
_aPhysics. _926181 |
|
| 700 | 1 |
_aRosenfeld, L. _q(Leon), _d1904-1974. _926182 |
|
| 942 |
_2ddc _cBK |
||
| 999 |
_c8410 _d8410 |
||